000 00275nam a22001217a 4500
008 190205b xxu||||| |||| 00| 0 eng d
041 _aeng
080 _a540
100 _a12
101 _aKIM
245 _aChemistry A Conceptual Approach
_cMortimer,Ch.E
942 _2udc
_cBK
999 _c54005
_d54005